Sociología de la radio-televisión
Gespeichert in:
| 1. Verfasser: | |
|---|---|
| Format: | Buch |
| Sprache: | Spanisch |
| Veröffentlicht: |
Buenos Aires
Paidós
1967
|
| Schriftenreihe: | Biblioteca del hombre contemporáneo, 179
|
| Schlagworte: | |
| Tags: |
Tag hinzufügen
Keine Tags, Fügen Sie den ersten Tag hinzu!
|
MARC
| LEADER | 00000nam a2200000 a 4500 | ||
|---|---|---|---|
| 001 | UCY7330 | ||
| 003 | CL-VaPUC | ||
| 008 | 950609e19670000AG |||||||||||||||||spa|d | ||
| 082 | 0 | 4 | |a 302.234 |b CAZ |2 21 |
| 100 | 0 | |a Cazeneuve, Jean |e author |9 337785 | |
| 245 | 1 | 0 | |a Sociología de la radio-televisión |
| 300 | |a 144 p | ||
| 942 | |c BK | ||
| 945 | |d 19950609 00:00:00 |a cmena | ||
| 260 | |a Buenos Aires |b Paidós |c 1967 | ||
| 650 | 0 | |a Comportamiento social |9 334200 | |
| 650 | 0 | |a Sociología de la comunicación |9 337679 | |
| 650 | 0 | |a Medios de comunicación |9 257206 | |
| 650 | 7 | |a PSICOLOGIA DE LA COMUNICACION |2 CL-VaPUC |9 332059 | |
| 650 | 0 | |a Métodos de investigación |9 262618 | |
| 650 | 0 | |a Influencia social |9 309315 | |
| 583 | |a last modification |c 19950609 00:00:00 |k Rodrigo Vera | ||
| 490 | 0 | |a Biblioteca del hombre contemporáneo, 179 | |
| 999 | |c 234734 |d 234732 | ||
| 952 | |0 0 |1 0 |4 0 |6 302_234000000000000_CAZ_1967 |7 0 |8 P |9 241398 |a BIBEDU |b BIBEDU |c BIBEDU_PB |d 2019-11-18 |i 151735K |o 302.234 CAZ 1967 |p 151735K |r 2019-11-18 |w 2019-11-18 |y BK |k EDU | ||